000 00267nam a2200109Ia 4500
008 200302s9999 xx 000 0 und d
100 _aAuthor
245 _aHotels & Resorts in India
260 _bWhite Flag Media & Communications Ltd
260 _c2011
300 _a288
999 _c4450
_d4450